000 00593nam a2200169 i 4500
001 121149
003 ES-MaACL
005 20230906191711.0
007 t|
008 070214s1965 sp r ||||1| cat d
100 1 _aPons i Marquès, Joan (
_d1894-1971)
_9172863
245 1 0 _aJoan Estelrich en el record d'un contemporani
_b: dicurs llegit el 23 d'agost de 1964 /
_cJuan Pons y Marques.
260 _aFelanitx (Palma de Mallorca) :
_bAyuntamiento,
_c1965.
300 _a39 p., 1 lám. ;
_c22 cm.
600 0 4 _aEstelrich, Joan (
_d1896-1958)
_948104
852 _aES-MaACL
_j2052-F-17
_bR.56755
999 _c121149
_d121149